[Event "MP do 16 lat - chlopcy"]
[Site "Sypniewo"]
[Date "2022.03.19"]
[Round "1.1"]
[White "Madajczak, Piotr"]
[Black "Klimkowski, Jan"]
[Result "0-1"]
[BlackElo "2350"]
[WhiteElo "1902"]
[LiveChessVersion "1.4.8"]

1. c4 {[%clk 1:30:57]} Nf6 {[%clk 1:30:42]} 2. Nc3 {[%clk 1:31:07]} e5
{[%clk 1:31:09]} 3. Nf3 {[%clk 1:31:19]} Nc6 {[%clk 1:31:34]} 4. g3
{[%clk 1:31:31]} d6 {[%clk 1:29:16]} 5. Bg2 {[%clk 1:30:49]} Be7 {[%clk 1:26:21]}
6. O-O {[%clk 1:29:41]} Bg4 {[%clk 1:24:55]} 7. Nd5 {[%clk 1:21:53]} O-O
{[%clk 1:22:31]} 8. d3 {[%clk 1:18:04]} a5 {[%clk 1:17:07]} 9. b3
{[%clk 1:04:04]} Nxd5 {[%clk 1:13:28]} 10. cxd5 {[%clk 1:04:26]} Nb4
{[%clk 1:13:56]} 11. Ne1 {[%clk 1:01:44]} c6 {[%clk 1:07:23]} 12. dxc6
{[%clk 1:00:27]} bxc6 {[%clk 1:06:43]} 13. Nc2 {[%clk 0:54:28]} d5
{[%clk 1:06:12]} 14. Ne3 {[%clk 0:45:12]} Bd7 {[%clk 1:02:38]} 15. Bb2
{[%clk 0:42:10]} Bd6 {[%clk 1:01:39]} 16. d4 {[%clk 0:36:59]} e4 {[%clk 1:00:21]}
17. f3 {[%clk 0:34:27]} f5 {[%clk 0:53:56]} 18. f4 {[%clk 0:30:21]} g5
{[%clk 0:52:38]} 19. Qe1 {[%clk 0:19:04]} Qf6 {[%clk 0:43:38]} 20. Qf2
{[%clk 0:08:38]} gxf4 {[%clk 0:35:11]} 21. gxf4 {[%clk 0:08:54]} Qh6
{[%clk 0:33:08]} 22. Kh1 {[%clk 0:06:07]} Rf6 {[%clk 0:32:35]} 23. Bc3
{[%clk 0:05:09]} a4 {[%clk 0:27:42]} 24. a3 {[%clk 0:03:31]} Na6 {[%clk 0:28:09]}
25. bxa4 {[%clk 0:03:43]} Nc7 {[%clk 0:28:35]} 26. Bb4 {[%clk 0:02:55]} Rxa4
{[%clk 0:28:00]} 27. Bxd6 {[%clk 0:02:56]} Rxd6 {[%clk 0:28:21]} 28. Nc2
{[%clk 0:02:03]} Rg6 {[%clk 0:24:03]} 29. Rg1 {[%clk 0:01:36]} Kf7
{[%clk 0:22:04]} 30. Rab1 {[%clk 0:01:30]} Nb5 {[%clk 0:21:47]} 31. Rb3
{[%clk 0:01:20]} Rg4 {[%clk 0:19:42]} 32. e3 {[%clk 0:01:10]} Ra8
{[%clk 0:18:30]} 33. Qd2 {[%clk 0:00:39]} Nd6 {[%clk 0:17:54]} 34. Qf2
{[%clk 0:00:40]} Qh5 {[%clk 0:16:54]} 35. Rb4 {[%clk 0:00:47]} Rag8
{[%clk 0:14:38]} 36. Rbb1 {[%clk 0:00:36]} Ne8 {[%clk 0:13:53]} 37. a4
{[%clk 0:00:32]} Nf6 {[%clk 0:14:16]} 38. Qe2 {[%clk 0:00:32]} Qh6
{[%clk 0:12:55]} 39. a5 {[%clk 0:00:42]} Rh4 {[%clk 0:12:05]} 40. Bf1
{[%clk 0:30:57]} Ng4 {[%clk 0:35:40]} 41. Rg2 {[%clk 0:28:27]} Qg6
{[%clk 0:18:45]} 42. Qe1 {[%clk 0:06:21]} Rxh2+ {[%clk 0:17:17]} 43. Rxh2
{[%clk 0:06:49]} Nxh2 {[%clk 0:17:39]} 44. Qf2 {[%clk 0:07:14]} Nf3
{[%clk 0:16:57]} 0-1

[Event "MP do 16 lat - chlopcy"]
[Site "Sypniewo"]
[Date "2022.03.19"]
[Round "1.2"]
[White "Karolczuk, Iwo"]
[Black "Wiatrowski, Zbigniew"]
[Result "1-0"]
[BlackElo "1880"]
[WhiteElo "2328"]
[LiveChessVersion "1.4.8"]

1. Nf3 {[%clk 1:30:43]} b6 {[%clk 1:27:49]} 2. e4 {[%clk 1:27:03]} Bb7
{[%clk 1:27:12]} 3. Nc3 {[%clk 1:27:18]} e6 {[%clk 1:26:26]} 4. d4
{[%clk 1:26:08]} Bb4 {[%clk 1:26:53]} 5. Bd3 {[%clk 1:26:26]} Nf6
{[%clk 1:27:19]} 6. Qe2 {[%clk 1:25:15]} d5 {[%clk 1:27:43]} 7. exd5
{[%clk 1:24:33]} Qxd5 {[%clk 1:27:57]} 8. Bd2 {[%clk 1:16:38]} Qh5
{[%clk 1:19:18]} 9. O-O-O {[%clk 1:08:50]} O-O {[%clk 1:13:29]} 10. Rhg1
{[%clk 0:56:13]} Nbd7 {[%clk 1:02:14]} 11. g4 {[%clk 0:45:10]} Qa5
{[%clk 0:41:56]} 12. g5 {[%clk 0:38:43]} Nh5 {[%clk 0:33:41]} 13. Rg4
{[%clk 0:25:26]} g6 {[%clk 0:27:30]} 14. d5 {[%clk 0:22:49]} Bxd5
{[%clk 0:16:35]} 15. a3 {[%clk 0:21:30]} Bxf3 {[%clk 0:13:52]} 16. Qxf3
{[%clk 0:19:49]} Ne5 {[%clk 0:12:50]} 17. Qe2 {[%clk 0:16:39]} Nxg4
{[%clk 0:09:00]} 18. axb4 {[%clk 0:16:31]} Qxb4 {[%clk 0:08:07]} 19. Ne4
{[%clk 0:15:49]} Qa4 {[%clk 0:07:20]} 20. Bc3 {[%clk 0:14:48]} f5
{[%clk 0:06:56]} 21. gxf6 {[%clk 0:09:17]} Ngxf6 {[%clk 0:07:12]} 22. b3
{[%clk 0:08:20]} Qa3+ {[%clk 0:06:47]} 23. Bb2 {[%clk 0:08:03]} Qe7
{[%clk 0:06:58]} 24. Nxf6+ {[%clk 0:06:36]} Nxf6 {[%clk 0:07:15]} 25. Rg1
{[%clk 0:06:42]} Rf7 {[%clk 0:03:54]} 26. h4 {[%clk 0:05:38]} Kf8
{[%clk 0:03:32]} 27. Qe3 {[%clk 0:04:24]} c6 {[%clk 0:03:21]} 28. Bxg6
{[%clk 0:02:32]} hxg6 {[%clk 0:03:01]} 29. Qh6+ {[%clk 0:02:23]} Ke8
{[%clk 0:02:29]} 30. Rxg6 {[%clk 0:02:46]} Rh7 {[%clk 0:01:22]} 31. Qg5
{[%clk 0:02:22]} Rh5 {[%clk 0:01:17]} 32. Qg2 {[%clk 0:02:19]} Rc8
{[%clk 0:00:38]} 33. Bxf6 {[%clk 0:02:22]} Qa3+ {[%clk 0:00:50]} 34. Bb2
{[%clk 0:01:56]} Qb4 {[%clk 0:01:03]} 35. Rxe6+ {[%clk 0:01:01]} Kd7
{[%clk 0:01:11]} 36. Qg6 {[%clk 0:00:57]} Qf4+ {[%clk 0:01:18]} 37. Kb1
{[%clk 0:01:20]} Rxh4 {[%clk 0:01:22]} 38. Re1 {[%clk 0:00:56]} Rf8
{[%clk 0:01:03]} 39. Qe6+ {[%clk 0:01:06]} Kd8 {[%clk 0:01:16]} 40. Rd1+
{[%clk 0:31:30]} Kc7 {[%clk 0:31:37]} 41. Be5+ {[%clk 0:31:50]} 1-0

[Event "MP do 16 lat - chlopcy"]
[Site "Sypniewo"]
[Date "2022.03.19"]
[Round "1.3"]
[White "Bancarewicz, Aleks"]
[Black "Malek, Jan"]
[Result "0-1"]
[BlackElo "2230"]
[WhiteElo "1870"]
[LiveChessVersion "1.4.8"]

1. e4 {[%clk 1:30:57]} c5 {[%clk 1:30:52]} 2. Nf3 {[%clk 1:31:17]} Nc6
{[%clk 1:31:14]} 3. d4 {[%clk 1:31:06]} cxd4 {[%clk 1:31:32]} 4. Nxd4
{[%clk 1:31:33]} g6 {[%clk 1:31:46]} 5. c4 {[%clk 1:29:07]} Bg7 {[%clk 1:31:52]}
6. Be3 {[%clk 1:29:26]} Qb6 {[%clk 1:32:13]} 7. Nb5 {[%clk 1:22:28]} Qa5+
{[%clk 1:32:00]} 8. N1c3 {[%clk 1:09:03]} Nf6 {[%clk 1:30:47]} 9. f3
{[%clk 1:06:03]} O-O {[%clk 1:27:28]} 10. Qd2 {[%clk 1:04:19]} a6
{[%clk 1:21:45]} 11. Na3 {[%clk 1:00:53]} d6 {[%clk 1:19:54]} 12. Rb1
{[%clk 0:54:34]} Be6 {[%clk 1:05:13]} 13. Nd5 {[%clk 0:46:28]} Qxd2+
{[%clk 1:04:54]} 14. Kxd2 {[%clk 0:30:10]} Nd7 {[%clk 0:42:03]} 15. Nf4
{[%clk 0:19:11]} Nb4 {[%clk 0:38:14]} 16. Nc2 {[%clk 0:17:41]} a5
{[%clk 0:37:29]} 17. Nxe6 {[%clk 0:07:27]} fxe6 {[%clk 0:37:57]} 18. a3
{[%clk 0:07:49]} Nc6 {[%clk 0:35:14]} 19. h4 {[%clk 0:04:18]} Rfc8
{[%clk 0:31:14]} 20. a4 {[%clk 0:02:56]} Nc5 {[%clk 0:24:52]} 21. b3
{[%clk 0:03:14]} Ra6 {[%clk 0:25:21]} 22. Na3 {[%clk 0:02:03]} Bd4
{[%clk 0:25:25]} 23. Nb5 {[%clk 0:01:21]} e5 {[%clk 0:25:10]} 24. h5
{[%clk 0:00:40]} Bxe3+ {[%clk 0:21:50]} 25. Kxe3 {[%clk 0:01:09]} g5
{[%clk 0:21:30]} 26. h6 {[%clk 0:00:36]} Kh8 {[%clk 0:17:18]} 27. g3
{[%clk 0:00:45]} Rf8 {[%clk 0:16:52]} 28. Bh3 {[%clk 0:00:42]} Nd4
{[%clk 0:17:20]} 29. Bg4 {[%clk 0:00:32]} Ncxb3 30. Nc7 {[%clk 0:00:55]} Rb6
{[%clk 0:11:23]} 31. Nd5 {[%clk 0:00:39]} Rc6 {[%clk 0:11:51]} 32. Nxe7
{[%clk 0:00:34]} Rxc4 {[%clk 0:12:10]} 33. Kd3 {[%clk 0:00:52]} Rxa4
{[%clk 0:11:59]} 34. Rh5 {[%clk 0:00:36]} Nc5+ {[%clk 0:10:45]} 35. Kd2
{[%clk 0:00:31]} Ra2+ {[%clk 0:10:56]} 36. Kd1 {[%clk 0:00:31]} Nxe4
{[%clk 0:10:20]} 37. Rxb7 {[%clk 0:00:45]} Ra1+ 0-1

[Event "MP do 16 lat - chlopcy"]
[Site "Sypniewo"]
[Date "2022.03.19"]
[Round "1.4"]
[White "Chyzy, Jakub"]
[Black "Czernecki, Andrzej"]
[Result "1/2-1/2"]
[BlackElo "1848"]
[WhiteElo "2227"]
[LiveChessVersion "1.4.8"]

1. b3 {[%clk 1:30:59]} d5 {[%clk 1:30:04]} 2. Bb2 {[%clk 1:31:23]} c5
{[%clk 1:30:22]} 3. e3 {[%clk 1:31:48]} Nf6 {[%clk 1:30:06]} 4. f4
{[%clk 1:31:47]} Nc6 {[%clk 1:28:59]} 5. Bb5 {[%clk 1:31:33]} e6 {[%clk 1:26:38]}
6. Nf3 {[%clk 1:30:35]} Bd7 {[%clk 1:26:26]} 7. O-O {[%clk 1:30:01]} Bd6
{[%clk 1:25:46]} 8. d3 {[%clk 1:27:34]} O-O {[%clk 1:24:05]} 9. Nbd2
{[%clk 1:26:50]} a6 {[%clk 1:22:37]} 10. Bxc6 {[%clk 1:27:11]} Bxc6
{[%clk 1:22:55]} 11. Ne5 {[%clk 1:24:12]} Nd7 {[%clk 1:16:05]} 12. Qg4
{[%clk 1:10:39]} Bxe5 {[%clk 1:06:45]} 13. fxe5 {[%clk 1:10:57]} Qe7
{[%clk 1:05:30]} 14. Rf4 {[%clk 0:55:55]} f5 {[%clk 0:55:55]} 15. exf6
{[%clk 0:56:19]} Nxf6 {[%clk 0:56:16]} 16. Qh4 {[%clk 0:54:45]} h6
{[%clk 0:39:02]} 17. Raf1 {[%clk 0:45:35]} g5 {[%clk 0:26:08]} 18. Qg3
{[%clk 0:45:35]} Nd7 {[%clk 0:25:33]} 19. h4 {[%clk 0:44:20]} e5 {[%clk 0:19:21]}
20. Rxf8+ {[%clk 0:33:52]} Rxf8 {[%clk 0:19:42]} 21. Rxf8+ {[%clk 0:33:22]} Kxf8
{[%clk 0:20:03]} 22. Nf3 {[%clk 0:19:55]} e4 {[%clk 0:19:41]} 23. dxe4
{[%clk 0:20:14]} dxe4 {[%clk 0:19:31]} 24. Ne5 {[%clk 0:20:23]} Nxe5
{[%clk 0:19:24]} 25. Bxe5 {[%clk 0:20:49]} Kf7 {[%clk 0:17:27]} 26. Bd6
{[%clk 0:19:01]} Qd7 {[%clk 0:17:27]} 27. Bxc5 {[%clk 0:17:13]} Qd1+
{[%clk 0:13:39]} 28. Kh2 {[%clk 0:17:34]} Bd7 {[%clk 0:12:58]} 29. Qf2+
{[%clk 0:10:45]} Kg6 {[%clk 0:12:44]} 30. Qf8 {[%clk 0:07:22]} Qg4
{[%clk 0:11:25]} 31. hxg5 {[%clk 0:02:17]} Qh4+ {[%clk 0:11:09]} 32. Kg1
{[%clk 0:02:47]} Qe1+ {[%clk 0:11:26]} 33. Qf1 {[%clk 0:03:07]} Qxf1+
{[%clk 0:11:47]} 34. Kxf1 {[%clk 0:03:36]} Kxg5 {[%clk 0:11:59]} 35. Ke2
{[%clk 0:03:14]} h5 {[%clk 0:11:55]} 36. Kd2 {[%clk 0:02:32]} Kg4
{[%clk 0:11:14]} 37. Bd6 {[%clk 0:02:49]} Kf5 {[%clk 0:11:30]} 38. c4
{[%clk 0:02:28]} Ke6 {[%clk 0:11:38]} 39. Bg3 {[%clk 0:02:18]} b5
{[%clk 0:08:25]} 40. Kc3 {[%clk 0:32:09]} bxc4 {[%clk 0:38:06]} 41. bxc4
{[%clk 0:30:57]} a5 {[%clk 0:36:55]} 42. Kd4 {[%clk 0:30:29]} Bc6
{[%clk 0:37:17]} 43. Kc5 {[%clk 0:30:50]} Kd7 {[%clk 0:37:41]} 44. Kb6
{[%clk 0:31:07]} a4 {[%clk 0:38:01]} 45. a3 {[%clk 0:26:06]} Ba8 {[%clk 0:38:14]}
46. Ka7 {[%clk 0:26:08]} Bc6 {[%clk 0:38:39]} 47. Kb8 {[%clk 0:26:04]} Kd8
{[%clk 0:38:41]} 48. Bf4 {[%clk 0:26:06]} Kd7 {[%clk 0:39:01]} 49. Bc7
{[%clk 0:26:21]} Ba8 {[%clk 0:38:27]} 50. Bf4 {[%clk 0:16:28]} Bc6
{[%clk 0:38:50]} 51. Ka7 {[%clk 0:16:45]} Kc8 {[%clk 0:38:17]} 52. Kb6
{[%clk 0:16:55]} Kd7 {[%clk 0:38:43]} 53. Kc5 {[%clk 0:17:11]} Bb7
{[%clk 0:38:48]} 54. Kd4 {[%clk 0:17:30]} Ke6 {[%clk 0:38:17]} 55. Kc3
{[%clk 0:17:32]} Kd7 {[%clk 0:38:35]} 56. Bg5 {[%clk 0:17:32]} Ba8
{[%clk 0:38:36]} 1/2-1/2

[Event "MP do 16 lat - chlopcy"]
[Site "Sypniewo"]
[Date "2022.03.19"]
[Round "1.5"]
[White "Paprocki, Antoni"]
[Black "Fiszer, Bartosz"]
[Result "1/2-1/2"]
[BlackElo "2226"]
[WhiteElo "1831"]
[LiveChessVersion "1.4.8"]

1. d4 {[%clk 1:30:57]} Nf6 {[%clk 1:30:54]} 2. c4 {[%clk 1:31:21]} g6
{[%clk 1:31:20]} 3. Nf3 {[%clk 1:31:45]} Bg7 {[%clk 1:31:47]} 4. g3
{[%clk 1:32:02]} O-O {[%clk 1:32:08]} 5. Bg2 {[%clk 1:32:27]} d6 {[%clk 1:32:11]}
6. O-O {[%clk 1:32:48]} Nc6 {[%clk 1:32:38]} 7. Nc3 {[%clk 1:32:38]} Bg4
{[%clk 1:32:55]} 8. d5 {[%clk 1:31:44]} Bxf3 {[%clk 1:32:17]} 9. exf3
{[%clk 1:31:18]} Ne5 {[%clk 1:26:15]} 10. b3 {[%clk 1:29:43]} c5 {[%clk 1:25:46]}
11. f4 {[%clk 1:27:51]} Ned7 {[%clk 1:25:30]} 12. Qd3 {[%clk 1:25:03]} a6
{[%clk 1:23:58]} 13. Bd2 {[%clk 1:21:30]} Rb8 {[%clk 1:21:11]} 14. Rfe1
{[%clk 1:19:26]} Re8 {[%clk 1:20:16]} 15. Rab1 {[%clk 1:18:11]} Qc7
{[%clk 1:17:02]} 16. Bf3 {[%clk 1:04:35]} Nf8 {[%clk 1:08:51]} 17. Kg2
{[%clk 0:56:04]} Qd7 {[%clk 1:05:36]} 18. a4 {[%clk 0:53:24]} Qf5
{[%clk 0:48:54]} 19. Qxf5 {[%clk 0:44:45]} gxf5 {[%clk 0:49:22]} 20. Nd1
{[%clk 0:34:41]} N6d7 {[%clk 0:42:38]} 21. Ne3 {[%clk 0:33:33]} e6
{[%clk 0:42:55]} 22. dxe6 {[%clk 0:30:44]} fxe6 {[%clk 0:43:17]} 23. Rbd1
{[%clk 0:25:06]} Red8 {[%clk 0:40:11]} 24. Bc1 {[%clk 0:20:47]} Nf6
{[%clk 0:36:18]} 25. Bb2 {[%clk 0:20:12]} Ne8 {[%clk 0:33:06]} 26. Bxg7
{[%clk 0:19:25]} Kxg7 {[%clk 0:33:20]} 27. h3 {[%clk 0:17:26]} Ng6
{[%clk 0:31:10]} 28. Rd2 {[%clk 0:08:00]} Kf7 {[%clk 0:25:35]} 29. Bd1
{[%clk 0:06:38]} Nc7 {[%clk 0:13:34]} 30. Bc2 {[%clk 0:06:40]} b5
{[%clk 0:13:48]} 31. axb5 {[%clk 0:06:38]} axb5 {[%clk 0:13:52]} 32. Ra1
{[%clk 0:06:58]} Rb7 {[%clk 0:13:35]} 33. Kf3 {[%clk 0:06:42]} h5
{[%clk 0:10:03]} 34. g4 {[%clk 0:05:29]} bxc4 {[%clk 0:07:45]} 35. gxf5
{[%clk 0:03:04]} Nh4+ {[%clk 0:06:38]} 36. Kg3 {[%clk 0:03:12]} Nxf5+
{[%clk 0:04:18]} 37. Bxf5 {[%clk 0:03:20]} exf5 {[%clk 0:04:39]} 38. bxc4
{[%clk 0:03:04]} Ne6 {[%clk 0:01:22]} 39. Rd5 {[%clk 0:01:41]} Nd4
{[%clk 0:00:36]} 40. Nxf5 {[%clk 0:31:17]} Rb3+ {[%clk 0:30:39]} 41. Ne3
{[%clk 0:28:27]} Rg8+ {[%clk 0:20:26]} 42. Rg5 {[%clk 0:27:29]} Rxg5+
{[%clk 0:18:55]} 43. fxg5 {[%clk 0:27:51]} Nc2 {[%clk 0:19:16]} 44. Ra7+
{[%clk 0:17:33]} 1/2-1/2

[Event "MP do 16 lat - chlopcy"]
[Site "Sypniewo"]
[Date "2022.03.19"]
[Round "1.6"]
[White "Rog, Bartlomiej"]
[Black "Melerowicz, Dominik"]
[Result "1-0"]
[BlackElo "1825"]
[WhiteElo "2143"]
[LiveChessVersion "1.4.8"]

1. e4 {[%clk 1:30:53]} c5 {[%clk 1:30:56]} 2. Nc3 {[%clk 1:31:16]} a6
{[%clk 1:31:17]} 3. Nf3 {[%clk 1:31:36]} d6 {[%clk 1:31:37]} 4. g3
{[%clk 1:31:57]} Nf6 {[%clk 1:31:34]} 5. Bg2 {[%clk 1:31:33]} g6 {[%clk 1:31:26]}
6. d4 {[%clk 1:31:52]} cxd4 {[%clk 1:31:45]} 7. Nxd4 {[%clk 1:32:14]} Bg7
{[%clk 1:31:35]} 8. O-O {[%clk 1:32:32]} O-O {[%clk 1:31:22]} 9. h3
{[%clk 1:32:54]} Qc7 {[%clk 1:29:35]} 10. Be3 {[%clk 1:30:50]} Nc6
{[%clk 1:27:59]} 11. Nde2 {[%clk 1:29:48]} b5 {[%clk 1:20:52]} 12. Nd5
{[%clk 1:23:00]} Nxd5 {[%clk 1:21:07]} 13. exd5 {[%clk 1:23:21]} Ne5
{[%clk 1:19:38]} 14. Bd4 {[%clk 1:13:18]} Bb7 {[%clk 1:15:34]} 15. Rc1
{[%clk 1:09:52]} Rac8 {[%clk 1:11:42]} 16. b3 {[%clk 1:02:01]} a5
{[%clk 1:06:01]} 17. Qd2 {[%clk 0:52:05]} Ba6 {[%clk 0:51:01]} 18. f4
{[%clk 0:49:27]} Nd7 {[%clk 0:51:16]} 19. Bxg7 {[%clk 0:49:31]} Kxg7
{[%clk 0:51:37]} 20. Nd4 {[%clk 0:49:54]} b4 {[%clk 0:46:08]} 21. Rfe1
{[%clk 0:49:57]} Rfe8 {[%clk 0:45:37]} 22. Re3 {[%clk 0:47:10]} Nb6
{[%clk 0:36:21]} 23. Nc6 {[%clk 0:45:09]} Bb5 {[%clk 0:31:34]} 24. c3
{[%clk 0:31:35]} e6 {[%clk 0:20:21]} 25. cxb4 Nxd5 {[%clk 0:18:06]} 26. Bxd5
{[%clk 0:28:31]} exd5 {[%clk 0:18:33]} 27. Qd4+ {[%clk 0:09:59]} f6
{[%clk 0:18:25]} 28. Rxe8 {[%clk 0:08:31]} Rxe8 {[%clk 0:18:44]} 29. Qa7
{[%clk 0:08:27]} Qxa7+ {[%clk 0:09:54]} 30. Nxa7 {[%clk 0:08:31]} Be2
{[%clk 0:10:21]} 31. bxa5 {[%clk 0:04:11]} d4 {[%clk 0:10:14]} 32. Rc2
{[%clk 0:04:20]} d3 {[%clk 0:09:34]} 33. Rd2 {[%clk 0:04:43]} Ra8
{[%clk 0:04:05]} 34. Nc6 {[%clk 0:05:02]} Bf3 {[%clk 0:03:56]} 35. Nb4
{[%clk 0:04:35]} Be4 {[%clk 0:03:02]} 36. a6 {[%clk 0:03:00]} Kf7
{[%clk 0:03:10]} 37. Kf2 {[%clk 0:02:28]} Ke6 {[%clk 0:03:12]} 38. Ke3
{[%clk 0:02:50]} f5 {[%clk 0:03:31]} 39. Kd4 {[%clk 0:01:05]} Kd7
{[%clk 0:02:07]} 40. a4 {[%clk 0:30:53]} Ra7 {[%clk 0:31:25]} 41. Nd5
{[%clk 0:26:06]} Kc6 {[%clk 0:27:10]} 42. b4 {[%clk 0:25:08]} Bxd5
{[%clk 0:23:39]} 43. b5+ {[%clk 0:25:02]} Kb6 {[%clk 0:24:06]} 44. Kxd5
{[%clk 0:25:23]} Ka5 {[%clk 0:24:23]} 45. Kc6 {[%clk 0:24:40]} Kxa4
{[%clk 0:24:18]} 46. Kb6 {[%clk 0:24:05]} Re7 {[%clk 0:24:32]} 47. a7
{[%clk 0:24:24]} Re8 {[%clk 0:24:58]} 48. Ka6 {[%clk 0:23:54]} d5
{[%clk 0:24:38]} 49. Rxd3 {[%clk 0:23:43]} Re6+ {[%clk 0:24:49]} 50. b6
{[%clk 0:24:04]} Re8 {[%clk 0:25:16]} 51. Rd4+ {[%clk 0:24:27]} 1-0

[Event "MP do 16 lat - chlopcy"]
[Site "Sypniewo"]
[Date "2022.03.19"]
[Round "1.7"]
[White "Pancewicz, Szymon"]
[Black "Wojdak, Jan"]
[Result "0-1"]
[BlackElo "2143"]
[WhiteElo "1814"]
[LiveChessVersion "1.4.8"]

1. d4 {[%clk 1:30:50]} Nf6 {[%clk 1:30:41]} 2. c4 {[%clk 1:30:59]} g6
{[%clk 1:31:05]} 3. f3 {[%clk 1:31:03]} Bg7 {[%clk 1:29:54]} 4. e4
{[%clk 1:29:40]} d6 {[%clk 1:30:17]} 5. Nc3 {[%clk 1:29:19]} O-O {[%clk 1:30:29]}
6. Be3 {[%clk 1:28:27]} c5 {[%clk 1:25:43]} 7. Nge2 {[%clk 1:26:59]} cxd4
{[%clk 1:26:06]} 8. Nxd4 {[%clk 1:27:01]} Nc6 {[%clk 1:26:33]} 9. Be2
{[%clk 1:25:29]} Nxd4 {[%clk 1:26:59]} 10. Bxd4 {[%clk 1:25:29]} Be6
{[%clk 1:27:20]} 11. Qd2 {[%clk 1:20:30]} Qa5 {[%clk 1:22:01]} 12. Rd1
{[%clk 1:06:36]} Rfc8 {[%clk 1:13:22]} 13. b3 {[%clk 1:02:00]} Nd7
{[%clk 1:13:22]} 14. Bxg7 {[%clk 0:51:56]} Kxg7 {[%clk 1:13:46]} 15. O-O
{[%clk 0:51:49]} a6 {[%clk 1:09:36]} 16. f4 {[%clk 0:46:56]} f6 {[%clk 1:03:08]}
17. f5 {[%clk 0:40:56]} Bf7 {[%clk 1:03:04]} 18. fxg6 {[%clk 0:38:07]} hxg6
{[%clk 1:03:04]} 19. Bg4 {[%clk 0:37:27]} Rd8 {[%clk 0:56:27]} 20. Bxd7
{[%clk 0:36:46]} Rxd7 {[%clk 0:55:51]} 21. Rf3 {[%clk 0:31:42]} Rh8
{[%clk 0:49:02]} 22. Qf4 {[%clk 0:23:46]} Rc7 {[%clk 0:36:17]} 23. Rdd3
{[%clk 0:21:01]} Qc5+ {[%clk 0:26:23]} 24. Kh1 {[%clk 0:19:28]} b5
{[%clk 0:26:10]} 25. Rh3 {[%clk 0:14:33]} g5 {[%clk 0:19:02]} 26. Qg4
{[%clk 0:10:49]} Rxh3 {[%clk 0:16:28]} 27. Rxh3 {[%clk 0:09:18]} bxc4
{[%clk 0:16:29]} 28. bxc4 {[%clk 0:08:19]} Qxc4 {[%clk 0:15:58]} 29. Qd1
{[%clk 0:05:02]} Qb4 {[%clk 0:12:45]} 30. Ne2 {[%clk 0:04:05]} Qb2
{[%clk 0:11:54]} 31. g4 {[%clk 0:02:06]} Rc2 {[%clk 0:11:23]} 32. Ng1
{[%clk 0:01:39]} Bg6 {[%clk 0:10:49]} 33. Qd5 {[%clk 0:01:28]} Qe5
{[%clk 0:07:44]} 34. Qxe5 {[%clk 0:01:01]} dxe5 {[%clk 0:07:46]} 35. Re3
{[%clk 0:01:09]} Rxa2 {[%clk 0:07:17]} 36. Ne2 {[%clk 0:00:49]} a5
{[%clk 0:04:14]} 37. Kg2 {[%clk 0:00:57]} a4 {[%clk 0:04:04]} 38. Kf3
{[%clk 0:00:56]} Bf7 {[%clk 0:03:28]} 39. Nc3 {[%clk 0:00:36]} Ra1
{[%clk 0:03:53]} 40. Nb5 {[%clk 0:30:34]} Bc4 {[%clk 0:32:22]} 41. Na3
{[%clk 0:26:30]} Bb3 {[%clk 0:32:33]} 42. Nb5 {[%clk 0:26:29]} Rc1
{[%clk 0:26:09]} 43. h3 {[%clk 0:25:32]} Kf7 {[%clk 0:26:24]} 44. Na3
{[%clk 0:21:49]} Ke6 {[%clk 0:26:47]} 45. Rd3 {[%clk 0:21:35]} Bc4
{[%clk 0:25:07]} 46. Nxc4 {[%clk 0:20:49]} Rxc4 {[%clk 0:25:34]} 47. Ke3
{[%clk 0:20:55]} Rd4 {[%clk 0:25:16]} 48. Rc3 {[%clk 0:20:40]} Kd6
{[%clk 0:25:40]} 49. Rc8 {[%clk 0:20:33]} Rb4 {[%clk 0:26:04]} 50. Ra8
{[%clk 0:20:22]} Rb3+ {[%clk 0:26:25]} 51. Kf2 {[%clk 0:20:24]} a3
{[%clk 0:26:50]} 0-1

[Event "MP do 16 lat - chlopcy"]
[Site "Sypniewo"]
[Date "2022.03.19"]
[Round "1.8"]
[White "Kolodziejski, Piotr"]
[Black "Lysakowski, Kamil"]
[Result "1-0"]
[BlackElo "1805"]
[WhiteElo "2115"]
[LiveChessVersion "1.4.8"]

1. e4 {[%clk 1:30:56]} c5 {[%clk 1:30:50]} 2. Nf3 {[%clk 1:31:08]} d6
{[%clk 1:31:14]} 3. d4 {[%clk 1:31:23]} cxd4 {[%clk 1:31:39]} 4. Nxd4
{[%clk 1:31:45]} Nf6 {[%clk 1:31:54]} 5. Nc3 {[%clk 1:31:57]} a6 {[%clk 1:32:10]}
6. Be2 {[%clk 1:32:01]} e5 {[%clk 1:32:33]} 7. Nb3 {[%clk 1:32:16]} Be7
{[%clk 1:32:58]} 8. O-O {[%clk 1:32:02]} O-O {[%clk 1:33:17]} 9. Re1
{[%clk 1:31:41]} Be6 {[%clk 1:33:29]} 10. Bf3 {[%clk 1:31:38]} Qc7
{[%clk 1:33:28]} 11. a4 {[%clk 1:24:53]} Nbd7 {[%clk 1:33:19]} 12. a5
{[%clk 1:22:21]} Rfc8 {[%clk 1:32:23]} 13. Be3 {[%clk 1:16:00]} b5
{[%clk 1:18:18]} 14. axb6 {[%clk 1:11:14]} Nxb6 {[%clk 1:17:16]} 15. Na5
{[%clk 1:04:42]} Nc4 {[%clk 1:00:45]} 16. Nxc4 {[%clk 1:04:19]} Bxc4
{[%clk 0:46:15]} 17. Qd2 {[%clk 0:58:41]} Bf8 {[%clk 0:42:45]} 18. g3
{[%clk 0:49:53]} Rab8 {[%clk 0:38:38]} 19. Reb1 {[%clk 0:49:12]} Qc6
{[%clk 0:36:42]} 20. h3 {[%clk 0:39:20]} Nd7 {[%clk 0:31:46]} 21. Bg4
{[%clk 0:36:17]} Be6 {[%clk 0:31:11]} 22. Be2 {[%clk 0:35:05]} Bc4
{[%clk 0:24:32]} 23. Ra4 {[%clk 0:31:41]} Bb5 {[%clk 0:22:50]} 24. Ra2
{[%clk 0:31:55]} Nf6 {[%clk 0:21:31]} 25. Bf3 {[%clk 0:27:20]} Bc4
{[%clk 0:21:03]} 26. Ra5 {[%clk 0:26:25]} Rb7 {[%clk 0:18:32]} 27. Kh2
{[%clk 0:23:04]} Nd7 {[%clk 0:16:23]} 28. Bg4 {[%clk 0:19:15]} Rcb8
{[%clk 0:13:55]} 29. b3 {[%clk 0:17:15]} Be6 {[%clk 0:13:04]} 30. Nd5
{[%clk 0:16:59]} Bxg4 {[%clk 0:09:52]} 31. hxg4 {[%clk 0:17:21]} Rc8
{[%clk 0:09:16]} 32. Rb2 {[%clk 0:16:52]} Nb8 {[%clk 0:09:07]} 33. Rba2
{[%clk 0:16:04]} Be7 {[%clk 0:07:25]} 34. R5a4 {[%clk 0:13:43]} Bd8
{[%clk 0:07:02]} 35. f3 {[%clk 0:12:58]} Kf8 {[%clk 0:06:04]} 36. Nb4
{[%clk 0:09:41]} Qd7 {[%clk 0:05:59]} 37. Nxa6 {[%clk 0:08:55]} Nxa6
{[%clk 0:05:39]} 38. Rxa6 {[%clk 0:09:08]} Ke7 {[%clk 0:04:46]} 39. Ra7
{[%clk 0:07:04]} Rxa7 {[%clk 0:02:16]} 40. Rxa7 {[%clk 0:37:21]} Rc7
{[%clk 0:32:41]} 41. Ra6 {[%clk 0:28:05]} Rc6 {[%clk 0:29:39]} 42. Qd3
{[%clk 0:27:15]} Qc8 {[%clk 0:22:52]} 43. Ra7+ {[%clk 0:26:23]} Kf6
{[%clk 0:23:20]} 44. c4 {[%clk 0:24:59]} Bb6 {[%clk 0:18:46]} 45. Ra4
{[%clk 0:21:20]} Qb7 {[%clk 0:14:17]} 46. Bd2 {[%clk 0:20:12]} Bd4
{[%clk 0:13:22]} 47. b4 {[%clk 0:15:57]} Qb6 {[%clk 0:12:02]} 48. Kg2
{[%clk 0:13:48]} Bg1 {[%clk 0:06:11]} 49. Be1 {[%clk 0:13:25]} Qd4
{[%clk 0:04:26]} 50. Qxd4 {[%clk 0:13:19]} Bxd4 {[%clk 0:04:48]} 51. b5
{[%clk 0:13:42]} Rb6 {[%clk 0:02:57]} 52. Bf2 {[%clk 0:10:37]} Bxf2
{[%clk 0:03:25]} 53. Kxf2 {[%clk 0:11:03]} Ke6 {[%clk 0:03:48]} 54. Ke3
{[%clk 0:11:15]} Rb7 {[%clk 0:04:04]} 55. Kd3 {[%clk 0:11:19]} g6
{[%clk 0:02:57]} 56. Ra6 {[%clk 0:11:13]} h5 {[%clk 0:01:37]} 57. g5
{[%clk 0:09:55]} f6 {[%clk 0:02:00]} 58. gxf6 {[%clk 0:10:13]} g5
{[%clk 0:02:00]} 59. Ra8 {[%clk 0:06:18]} Rh7 {[%clk 0:01:21]} 60. c5
{[%clk 0:04:41]} h4 {[%clk 0:01:22]} 61. gxh4 {[%clk 0:05:07]} gxh4
{[%clk 0:01:45]} 62. c6 {[%clk 0:05:23]} d5 {[%clk 0:01:25]} 63. b6
{[%clk 0:05:19]} h3 {[%clk 0:01:27]} 64. c7 {[%clk 0:05:28]} dxe4+
{[%clk 0:01:32]} 65. Kxe4 {[%clk 0:05:14]} Rh4+ {[%clk 0:01:24]} 66. Ke3
{[%clk 0:05:39]} h2 {[%clk 0:01:47]} 67. c8=Q+ {[%clk 0:06:03]} 1-0